| 000 | 00306nam a2200085Ia 4500 | ||
|---|---|---|---|
| 245 | 0 | _aThe post-traumatic stress disorder sourcebook : a guide to healing, recovery, and growth | |
| 100 |
_a SCHIRALDI, Glenn R. New York, 2009 2nd ed _977980 |
||
| 942 | _cBK | ||
| 008 | 210817s9999 xx 000 0 und d | ||
| 999 |
_c268501 _d268500 |
||